Eastern Utah Libraries Catalog: Duchesne, Heber, Roosevelt, & Vernal

My dog is a hero / (Record no. 280262)

MARC details
000 -LEADER
fixed length control field 01533cam a2200385Ia 4500
001 - CONTROL NUMBER
control field ocn792881361
003 - CONTROL NUMBER IDENTIFIER
control field OCoLC
005 - DATE AND TIME OF LATEST TRANSACTION
control field 20200320190946.0
008 - FIXED-LENGTH DATA ELEMENTS--GENERAL INFORMATION
fixed length control field 120429s2012 nyua 001 0 eng d
020 ## - INTERNATIONAL STANDARD BOOK NUMBER
International Standard Book Number 9780545495950 (pbk.)
020 ## - INTERNATIONAL STANDARD BOOK NUMBER
International Standard Book Number 0545495954 (pbk.)
020 ## - INTERNATIONAL STANDARD BOOK NUMBER
Terms of availability 18.96
035 ## - SYSTEM CONTROL NUMBER
System control number (OCoLC)792881361
040 ## - CATALOGING SOURCE
Original cataloging agency BTCTA
Language of cataloging eng
Transcribing agency BTCTA
Modifying agency BDX
-- NYP
-- BKX
-- VP@
-- UIU
-- XY4
-- WACOL
049 ## - LOCAL HOLDINGS (OCLC)
Holding library WACL
082 04 - DEWEY DECIMAL CLASSIFICATION NUMBER
Classification number 599.77
Edition number 23
092 ## - LOCALLY ASSIGNED DEWEY CALL NUMBER (OCLC)
Classification number E
Item number Gan
100 1# - MAIN ENTRY--PERSONAL NAME
Personal name Ganeri, Anita,
Dates associated with a name 1961-
9 (RLIN) 32406
245 10 - TITLE STATEMENT
Title My dog is a hero /
Statement of responsibility, etc Anita Ganeri.
250 ## - EDITION STATEMENT
Edition statement 1st Scholastic ed.
260 ## - PUBLICATION, DISTRIBUTION, ETC. (IMPRINT)
Place of publication, distribution, etc New York :
Name of publisher, distributor, etc Scholastic Inc.,
Date of publication, distribution, etc 2012.
300 ## - PHYSICAL DESCRIPTION
Extent 96 p. :
Other physical details ill. (chiefly col.) ;
Dimensions 23 cm.
500 ## - GENERAL NOTE
General note Includes index.
520 ## - SUMMARY, ETC.
Summary, etc Learn about the awesome dogs that are trained to save lives and brave the most dangerous situations. From tracking dogs to space dogs, police dogs to mountain rescue dogs, guide dogs to guard dogs--find out how these furry pets are trained for their special missions and how they carry them out.
521 ## - TARGET AUDIENCE NOTE
Target audience note Childrens
Source , Penworthy
650 #0 - SUBJECT ADDED ENTRY--TOPICAL TERM
Topical term or geographic name as entry element Dogs
General subdivision Training.
9 (RLIN) 82838
650 #0 - SUBJECT ADDED ENTRY--TOPICAL TERM
Topical term or geographic name as entry element Dogs
General subdivision Training
Form subdivision Juvenile literature.
9 (RLIN) 5768162
650 #0 - SUBJECT ADDED ENTRY--TOPICAL TERM
Topical term or geographic name as entry element Dogs
Form subdivision Juvenile literature.
9 (RLIN) 5674547
938 ## -
-- Baker and Taylor
-- BTCP
-- BK0011133026
938 ## -
-- Brodart
-- BROD
-- 102781753
-- $7.99
942 ## - ADDED ENTRY ELEMENTS (KOHA)
Koha item type BOOK
948 ## - LOCAL PROCESSING INFORMATION (OCLC); SERIES PART DESIGNATOR (RLIN)
Series part designator, SPT (RLIN) 03/21/2013
z (OCLC) Sirsi
994 ## -
-- 02
-- WACOL
996 ## -
-- 96429
-- 34301001154782
-- JNF
-- bk
-- wcl
-- i
-- 9
-- 18.96
-- Penworthy
-- 636.088 Gan
-- 03/22/2013
-- 05/15/2018
-- 12/21/2017
Holdings
Withdrawn status Lost status Source of classification or shelving scheme Damaged status Not for loan Collection code Home library Current library Shelving location Date acquired Source of acquisition Cost, normal purchase price Total Checkouts Total Renewals Full call number Barcode Date last seen Date checked out Cost, replacement price Price effective from Koha item type
    Dewey Decimal Classification     Junior NonFiction Wasatch County Library Wasatch County Library Second Floor 03/22/2013 Penworthy 18.96 15 5 J 636.088 Gan 34301001154782 12/26/2025 08/26/2025 18.96 03/20/2020 BOOK
This project was made possible through a grant from the Institute of Museum and Library Service administered by the Utah State Library Division.

Wasatch County Library

  • 465 East 1200 South, Heber City, Utah 84032
  • Phone 435-654-1511 | Fax 435-654-6456

Hours

  • Monday - Friday 9:30 AM - 8:00 PM
  • Saturday 9:30 AM - 1:30 PM
  • Closed Sundays and Holidays